000
00224nam a22000857a 4500
008
160920b xxu||||| |||| 00| 0 eng d
100
_9
664
_a
Bala.R.
245
_a
CCE Social Work-X
260
_a
New Delhi
_b
S. Chand Publications
_c
2011
999
_c
3321
_d
3321